000 00285nam a2200121Ia 4500
005 20251222175920.0
008 251222s9999||||xx |||||||||||||| ||spa||
020 _a8420652288
082 _a330.03/T18
100 _aTamanes, Ramón
245 0 _aDiccionario de Economía
942 _cLIB
999 _c40654
_d40654